000 00444nam a2200181Ia 4500
001 8784
005 20260306160635.0
008 260306t2003||||xx |||||||||||||| ||spa||
041 _aESP
082 _a371.334
_bC43
100 _aCebrian, Manuel
_eAUT
245 0 _aEnseñanza virtual para la innovación universitaria
260 _c2003
300 _a196 páginas :
_c23 cm.
650 _aGEN
654 _aCED
942 _cLIB
_dJUS
_fJUS
_2ddc
_n
999 _c8784
_d8784